000
00379nam a22001577a 4500
003
MPLRDC
005
20220104143455.0
008
210129b ||||| |||| 00| 0 eng d
082
_a
426.2 XM
100
_a
筱梅编著
245
_a
装饰英文字母刺绣法
_c
260
_a
_b
香港捷艺出社
_c
1977
300
_b
平
650
_a
家庭刺绣
942
_c
BK
_o
426.2 XM
999
_c
40257
_d
40247